000 00574nam a2200205Ia 4500
005 20250923145827.0
008 008 250917s9999 xx 000 0 eng d
037 _aTextual
040 _aDSWL
_beng
_cDSWL
041 _aeng
_2eng
084 _aY:451121.2, N88
_qDSWL
100 _aSharma, A.
_9839330
245 0 _aSati: historical and phenomenological essays
_cby A. Sharma
260 _aDelhi
_bMotilal
_c1988
300 _axvii,129p.
365 _aINR
_b75.00
925 _g75.00
942 _cTEXL
_hY:451121.2, N88
999 _c1456175
_d1456175